| 000 | 00579nam a22001937a 4500 | ||
|---|---|---|---|
| 999 |
_c5274 _d5274 |
||
| 003 | GBCCL | ||
| 005 | 20241126110537.0 | ||
| 008 | 180312b ||||| |||| 00| 0 eng d | ||
| 020 | _a080242645X | ||
| 040 | _cgbc | ||
| 082 |
_a225.07 _bTEA |
||
| 100 |
_aBrooks, Keith L. _99294 |
||
| 245 |
_aFirst and Second Thessalonians: _bJesus is Coming Again! / _cKeith L. Brooks |
||
| 260 |
_aChicago: _bMoody Press, _c1964 |
||
| 300 |
_a48 p.; _c22 cm. |
||
| 440 |
_aTeach Yourself the Bible _99498 |
||
| 650 |
_aBible _vN. T. _v1 & 2 Thessalonians _xStudy & Teaching _99519 |
||
| 942 |
_2ddc _cBK |
||